AIRLINE <a> strategic management simulation
Guardado en:
| Autor principal: | |
|---|---|
| Otros Autores: | |
| Formato: | Libro |
| Lenguaje: | inglés |
| Publicado: |
Upper Saddle River
Pearson/Prentice Hall
2007
|
| Edición: | 4.01 ed. |
| Materias: | |
| Etiquetas: |
Sin Etiquetas, Sea el primero en etiquetar este registro!
|
MARC
| LEADER | 00000nam$a2200000$$$4500 | ||
|---|---|---|---|
| 001 | 0064412 | ||
| 005 | 20240315115058.2 | ||
| 020 | |a 0-13-065488-4 | ||
| 041 | 0 | |a eng | |
| 044 | |a US | ||
| 245 | 1 | 0 | |a AIRLINE |b <a> strategic management simulation |c Jerald R. Smith, Peggy A. Golden |
| 250 | |a 4.01 ed. | ||
| 264 | 1 | |a Upper Saddle River |b Pearson/Prentice Hall |c 2007 | |
| 300 | |a 118 s. |e 1 príl. (prístupový kód na web) | ||
| 610 | 2 | 0 | |a manažment strategický |
| 610 | 2 | 0 | |a simulácia |
| 610 | 2 | 0 | |a lietadlá |
| 610 | 2 | 0 | |a riadenie strategické |
| 100 | 1 | |a Smith, Jerald R. | |
| 700 | 1 | |a Golden, Peggy A. | |